000
00242nam a22001097a 4500
082
_a
620.11 MOG'N
100
_a
MCGONNAGLE, WARREN J
_9
58311
245
_a
NONDESTRUCTIVE TESTING
260
_a
NEWYORK
_b
V
_c
1961
300
_a
455P
942
_c
BK
999
_c
568508
_d
568508